Pāñca pākhuḍāra phula. (Record no. 60219)

MARC details
000 -LEADER
fixed length control field 00541cam a22002291 4500
001 - CONTROL NUMBER
control field sa 64007393
003 - CONTROL NUMBER IDENTIFIER
control field DLC
005 - DATE AND TIME OF LATEST TRANSACTION
control field 20260227112046.0
008 - FIXED-LENGTH DATA ELEMENTS--GENERAL INFORMATION
fixed length control field 891108s1963 ii 000 0 orio
010 ## - LIBRARY OF CONGRESS CONTROL NUMBER
LC control number sa 64007393
035 ## - SYSTEM CONTROL NUMBER
System control number (OCoLC)20616287
040 ## - CATALOGING SOURCE
Original cataloging agency DLC
Transcribing agency WaU
Modifying agency DLC
042 ## - AUTHENTICATION CODE
Authentication code premarc
050 00 - LIBRARY OF CONGRESS CALL NUMBER
Classification number PK2576
Item number .B4
100 1# - MAIN ENTRY--PERSONAL NAME
Personal name Beherā, Rāsabihārī.
245 10 - TITLE STATEMENT
Title Pāñca pākhuḍāra phula.
260 ## - PUBLICATION, DISTRIBUTION, ETC.
Date of publication, distribution, etc. [1963]
300 ## - PHYSICAL DESCRIPTION
Extent 2, 44 p.
Dimensions 18 cm.
500 ## - GENERAL NOTE
General note In Oriya.
500 ## - GENERAL NOTE
General note Poems.
650 #0 - SUBJECT ADDED ENTRY--TOPICAL TERM
Topical term or geographic name entry element Oriya poetry.

No items available.

Powered by Koha